| 000 | 00540nam a2200169 a 4500 | ||
|---|---|---|---|
| 003 | OSt | ||
| 005 | 20140311163014.0 | ||
| 008 | 061004s19uu xx 00 eng d | ||
| 020 | _a1591393213 | ||
| 050 |
_aHD 69.P75 _b.H3745 2004 |
||
| 245 |
_aManaging projects large and small: _bthe fundamental skills for delivering on budget and on time / |
||
| 260 |
_aBoston, Massachesetts : _bHarvard Business School Press, _c2004. |
||
| 300 |
_a175 p. : _c23 cm. |
||
| 650 |
_aProject management. _918068 |
||
| 942 |
_cBK _2lcc _kFOR |
||
| 999 |
_c39405 _d39405 |
||